Tanuljunk újra szeretetet
Elmentve itt :
| Szerző: | |
|---|---|
| Adatforrás: | Meister |
| Forrásdokumentuma: | Helikon. - 36 sz., 1990, 12 p. |
| Nyelv: | magyar |
| Kulcsszavak: | politikai publicisztika kulturális intézmények magyar-román kapcsolatok kisebbségi kérdés etnikumközi kapcsolatok Társadalmi Dialógus Csoport (GDS) |
| LEADER | 00516nab a2200181 i 4500 | ||
|---|---|---|---|
| 001 | bibPRO00005910 | ||
| 008 | 060524s1990 xx hun | ||
| 040 | |a Sz1 | ||
| 041 | |a hun | ||
| 100 | 1 | |a ZZZ | |
| 245 | 1 | 0 | |a Tanuljunk újra szeretetet |c ZZZ |
| 695 | |a politikai publicisztika | ||
| 695 | |a kulturális intézmények | ||
| 695 | |a magyar-román kapcsolatok | ||
| 695 | |a kisebbségi kérdés | ||
| 695 | |a etnikumközi kapcsolatok | ||
| 695 | |a Társadalmi Dialógus Csoport (GDS) | ||
| 773 | 0 | |t Helikon. - |g 36 sz., 1990, 12 p. | |